00409nmm a2200157Ia 4500008004100000041000800041100002000049245002200069264004400091300001800135490001100153650001200164856005100176942000700227999001700234251105s9999||||xx |||||||||||||||||und|| aspa aWilliams, Cathy 0aHijo de una noche a[Madrid, España] :bHarlequin, c2010 a160 páginas aBianca aRomance uhttps://public.digitaliapublishing.com/a/49905 cCF c98525d98525